Statistiques concernant Films avec des réalisateurs-acteurs par image n°1

Cliquez ici pour prendre le quiz!

Statistiques générales

  • Ce quiz a été pris 25 fois
  • Le résultat moyen est 5 sur 32

Statistiques - réponses

Réponse% Correct
Agnès Jaoui
65%
Takeshi Kitano
52%
Fritz Lang
48%
David Lynch
43%
Buster Keaton
39%
The Fabelmans
30%
Le Mépris
26%
Éric Rohmer
22%
Rainer Werner Fassbinder
22%
Jacques Tati
17%
Nicholas Ray
13%
Furyo
13%
Victor Sjöström
13%
Gérard Blain
9%
Marie-Claude Treilhou
9%
Mars Attacks!
9%
On connaît la chanson
9%
Serge Bozon
9%
Hatari !
4%
João César Monteiro
4%
L'Ami Américain
4%
Les Fraises Sauvages
4%
Out 1
4%
Stan Brakhage
4%
À vot' bon cœur
0%
Barbet Schroeder
0%
Cannibal! The Musical
0%
Doc's Kingdom
0%
Film
0%
Je sens le beat qui monte en moi
0%
Le Fiancé, la Comédienne et le Maquereau
0%
Sylvie et le Fantôme
0%

Distribution des résultats

Percentile par nombre de réponses

% des personnes avec chaque résultat

Votre développement - résultats

Vous n’avez pas pris ce quiz